[Event "Aeroflot Open A 2017"]
[Site "Moscow RUS"]
[Date "2017.02.28"]
[Round "8.31"]
[White "Karthikeyan, Murali"]
[Black "Narayanan, Srinath"]
[Result "1/2-1/2"]
[WhiteTitle "GM"]
[BlackTitle "IM"]
[WhiteElo "2578"]
[BlackElo "2474"]
[WhiteFideId "5074452"]
[BlackFideId "5018420"]
[EventDate "2017.02.21"]

1. e4 c5 2. Nf3 d6 3. d4 cxd4 4. Nxd4 Nf6 5. f3 Nc6 6. c4 e6 7. Nc3 Be7 8. Nc2
O-O 9. Be2 b6 10. O-O Bb7 11. Kh1 d5 12. cxd5 exd5 13. exd5 Nb4 14. Nxb4 Bxb4
15. Qb3 Qe7 16. Bd3 h6 17. a3 Bxc3 18. bxc3 Nxd5 19. c4 Nc7 20. Bb2 Ne6 21. Rae1
Rfd8 22. Bb1 Qg5 23. Bc1 Qc5 24. Be3 Qc6 25. Qc2 Nf8 26. Rc1 Rac8 27. Rfe1 Ba6
28. Ba2 Ne6 29. Qf5 Qd7 30. Bb1 Nf8 31. c5 bxc5 32. Bxc5 Bd3 33. Qxd7 Rxd7 34.
Ba2 Rdc7 35. Be3 Ne6 36. h3 Bc2 37. Re2 Rc3 38. Bxe6 fxe6 39. Bxa7 Rxa3 40. Bd4
Rc4 41. Bxg7 Kxg7 42. Rcxc2 Rxc2 43. Rxc2 Ra4 44. Rc5 Kg6 45. Kh2 Ra2 46. Kg3
Re2 47. Rc4 Ra2 48. Rg4+ Kf7 49. Kh4 Ra5 50. Re4 Kf6 51. Re3 Rb5 52. g4 Ra5 53.
Kg3 h5 54. Kh4 hxg4 55. fxg4 Rb5 56. Kg3 Rb1 57. Rf3+ Kg6 58. Rf8 Rb3+ 59. Kh4
Re3 60. Rf4 Re5 61. Kg3 Re3+ 62. Rf3 Re1 63. Kf4 e5+ 64. Kg3 e4 65. Ra3 e3 66.
Kf4 e2 67. Kf3 Rh1 68. Kxe2 Rh2+ 69. Kd1 Rh1+ 70. Ke2 Rh2+ 71. Ke1 Kg5 72. Ra5+
Kf4 73. Ra3 Kg5 74. Ra5+ Kf4 75. Rh5 Ke3 76. Kd1 Kd3 77. Ke1 Ke3 1/2-1/2

[Event "Aeroflot Open A 2017"]
[Site "Moscow RUS"]
[Date "2017.02.28"]
[Round "8.32"]
[White "Saric, Ivan"]
[Black "Debashis, Das"]
[Result "0-1"]
[WhiteTitle "GM"]
[BlackTitle "GM"]
[WhiteElo "2648"]
[BlackElo "2472"]
[WhiteFideId "14508150"]
[BlackFideId "5024854"]
[EventDate "2017.02.21"]

1. Nf3 Nf6 2. g3 d5 3. Bg2 e6 4. O-O Nbd7 5. c4 dxc4 6. Qc2 c6 7. Qxc4 Bd6 8. b3
O-O 9. Bb2 e5 10. d3 Re8 11. Nbd2 Qe7 12. a3 Nf8 13. Qc2 Bc7 14. b4 Bg4 15. h3
Bd7 16. e4 Ng6 17. d4 exd4 18. Nxd4 Rad8 19. Rae1 Bc8 20. N2b3 Nh5 21. Re3 Qd6
22. Rfe1 Nf6 23. f4 Qf8 24. Kh1 Bb6 25. Qc3 h5 26. Nc5 h4 27. f5 Ne5 28. gxh4
Bc7 29. Nf3 Nh5 30. Nxe5 Bxe5 31. Qc2 Bg3 32. Rg1 Bf4 33. Rf3 Rd2 34. Qc3 Rxb2
35. Qxb2 Ng3+ 36. Rxg3 Bxg3 37. h5 Qd6 38. Bf3 Be5 39. Qg2 Rd8 40. Be2 Qh6 41.
Nd3 Bc7 42. Rf1 b6 43. f6 g6 44. e5 Rxd3 45. Bxd3 Qxh5 46. Be2 Qxe5 47. Bc4 Bf5
48. Be2 c5 49. bxc5 bxc5 50. Bg4 Bd3 51. Rf2 c4 52. Be2 Be4 53. Bf3 Bb6 54. Rf1
Bd3 55. Rd1 c3 56. h4 c2 57. Rc1 Qf4 0-1

[Event "Aeroflot Open A 2017"]
[Site "Moscow RUS"]
[Date "2017.02.28"]
[Round "8.33"]
[White "Sethuraman, S.P."]
[Black "Paravyan, David"]
[Result "1/2-1/2"]
[WhiteTitle "GM"]
[BlackTitle "IM"]
[WhiteElo "2623"]
[BlackElo "2525"]
[WhiteFideId "5021596"]
[BlackFideId "4194985"]
[EventDate "2017.02.21"]

1. e4 e6 2. d4 d5 3. Nc3 dxe4 4. Nxe4 Bd7 5. Nf3 Bc6 6. Bd3 Nd7 7. O-O Ngf6 8.
Neg5 Bd6 9. Re1 h6 10. Nh3 Be7 11. c4 g5 12. d5 exd5 13. Nd4 Nc5 14. b3 Nxd3 15.
Qxd3 dxc4 16. Qxc4 Be4 17. Bb2 O-O 18. Rad1 Re8 19. Ne6 Qb8 20. Nexg5 hxg5 21.
Nxg5 Bg6 22. Qc3 Rd8 23. Rc1 Rd3 24. Qe5 Qd8 25. Qxe7 Qxe7 26. Rxe7 Nd5 27. Ree1
Rd2 28. Ba1 Rxa2 29. h4 Ra3 30. Rc4 f6 31. Rg4 Rxb3 32. Ne6 Kf7 33. h5 Rg8 34.
hxg6+ Rxg6 35. Nd8+ Kg7 36. Ne6+ Kf7 37. Rh4 Kg8 38. Nd4 Rb4 39. Rhe4 Kf7 40. g4
c5 41. Nf5 Rxg4+ 42. Rxg4 Rxg4+ 43. Kf1 Rb4 44. Nd6+ Kg6 45. Rd1 Nf4 46. Bc3 Rb3
47. Bd2 Ne6 48. Re1 Nd4 49. Re7 Rd3 50. Bf4 b5 51. Rxa7 c4 52. Nc8 c3 53. Ne7+
Kh5 54. Be3 Rd1+ 55. Kg2 Nc2 56. Nf5 b4 57. Rb7 Kg4 58. Nh6+ Kh5 59. Nf5 Rd5 60.
Ng3+ Kg6 61. Nf1 Rd1 62. Bf4 Rb1 63. Ng3 Ne1+ 64. Kh3 Nd3 65. Be3 c2 66. Kg4
Nxf2+ 67. Kf3 Nd1 68. Bd2 b3 69. Ne2 f5 70. Nd4 c1=Q 71. Bxc1 Rxc1 72. Rxb3 Nc3
73. Rb6+ Kg5 74. Ne6+ Kf6 75. Nf4+ Ke7 76. Ng6+ Kf7 77. Ne5+ Kg7 78. Rg6+ Kh7
79. Rc6 Na2 1/2-1/2

[Event "Aeroflot Open A 2017"]
[Site "Moscow RUS"]
[Date "2017.02.28"]
[Round "8.34"]
[White "Grigoriants, Sergey"]
[Black "Kulaots, Kaido"]
[Result "0-1"]
[WhiteTitle "GM"]
[BlackTitle "GM"]
[WhiteElo "2564"]
[BlackElo "2590"]
[WhiteFideId "4130804"]
[BlackFideId "4500261"]
[EventDate "2017.02.21"]

1. e4 c5 2. Nf3 d6 3. d4 Nf6 4. Nc3 cxd4 5. Nxd4 Nc6 6. Bg5 e6 7. Qd2 a6 8.
O-O-O Bd7 9. f4 b5 10. Bxf6 gxf6 11. Kb1 Qb6 12. Nce2 Rc8 13. g3 Na5 14. b3 b4
15. Bg2 Nc6 16. Rhe1 Na7 17. c4 bxc3 18. Nxc3 Be7 19. Re3 Qb4 20. Qb2 Nb5 21.
Ncxb5 axb5 22. f5 O-O 23. Bh3 e5 24. Nc2 Qc5 25. Bf1 Qa7 26. Red3 d5 27. g4 d4
28. Rh3 Rc7 29. Bd3 Rc3 30. Ne1 Ra8 31. Bf1 Bc6 32. Bd3 Ba3 33. Qe2 Rxb3+ 34.
axb3 Bb4 0-1

[Event "Aeroflot Open A 2017"]
[Site "Moscow RUS"]
[Date "2017.02.28"]
[Round "8.35"]
[White "Alekseenko, Kirill"]
[Black "Svane, Rasmus"]
[Result "1/2-1/2"]
[WhiteTitle "GM"]
[BlackTitle "GM"]
[WhiteElo "2588"]
[BlackElo "2570"]
[WhiteFideId "4135539"]
[BlackFideId "4657101"]
[EventDate "2017.02.21"]

1. e4 e6 2. d4 d5 3. Nc3 Nf6 4. e5 Nfd7 5. f4 c5 6. Nf3 Nc6 7. Be3 Be7 8. Qd2 a6
9. a3 O-O 10. dxc5 Nxc5 11. Qf2 b6 12. b4 f6 13. bxc5 bxc5 14. Bxc5 Qa5 15. Bd4
fxe5 16. Nxe5 Nxd4 17. Qxd4 Rxf4 18. Nc6 Bc5 19. Qe5 Bd6 20. Nxa5 Bxe5 21. Kd2
Rf2+ 22. Kd3 Bf4 23. Rd1 Bd7 24. Be2 Rc8 25. Bg4 Be5 26. Ne2 Rxg2 27. h3 h5 28.
Bf3 Rf2 29. Ke3 Rxf3+ 30. Kxf3 Rxc2 31. Nb3 Ra2 32. Ned4 Ba4 33. Rde1 Bf6 34.
Rxe6 Rxa3 35. Re3 Ra2 36. Rhe1 Bd7 37. R3e2 Ra3 38. Kg2 a5 39. Rd2 a4 40. Nc5
Bxh3+ 41. Kh2 Bg4 42. Nb5 Rh3+ 43. Kg2 a3 44. Re8+ Kh7 45. Ra8 Be5 46. Rxd5 Rh2+
47. Kg1 Bf3 48. Rxe5 Rh1+ 49. Kf2 Bxa8 50. Nxa3 h4 51. Ne4 1/2-1/2

[Event "Aeroflot Open A 2017"]
[Site "Moscow RUS"]
[Date "2017.02.28"]
[Round "8.36"]
[White "Swapnil, S. Dhopade"]
[Black "Lalith, Babu M R"]
[Result "1-0"]
[WhiteTitle "GM"]
[BlackTitle "GM"]
[WhiteElo "2534"]
[BlackElo "2584"]
[WhiteFideId "5019184"]
[BlackFideId "5024595"]
[EventDate "2017.02.21"]

1. d4 Nf6 2. c4 d6 3. Nc3 e5 4. Nf3 e4 5. Nd2 Qe7 6. Qc2 Bf5 7. f3 c5 8. fxe4
cxd4 9. exf5 dxc3 10. Qxc3 g6 11. fxg6 hxg6 12. Nf3 Bg7 13. Qe3 Ne4 14. Ng5 d5
15. cxd5 Qb4+ 16. Kd1 Rh4 17. g3 Rg4 18. Nxe4 Rxe4 19. Bd2 Qe7 20. Qb3 Nd7 21.
Bg2 Rxe2 22. Bf3 Rf2 23. d6 Qe6 24. Qxe6+ fxe6 25. Be4 Ne5 26. Ke1 Rf7 27. Ke2
Kd7 28. Bc3 Raf8 29. Rhf1 b6 30. h4 a5 31. Rxf7+ Rxf7 32. Rf1 Rxf1 33. Kxf1 g5
34. hxg5 Kxd6 35. a4 Ke7 36. Ke2 Kf8 37. Bd4 Nc4 38. Bf2 Bxb2 39. Bd3 Ne5 40.
Bxb6 Bc3 41. Be4 Kf7 42. Bc7 Ke7 43. Bc2 Kd7 44. Bb6 Ke7 45. Bc5+ Kf7 46. Ke3
Be1 47. Ke4 Nc6 48. Bd6 Kg6 49. Kf4+ Kf7 50. Be4 Ne7 51. Kg4 Bc3 52. Kh5 Nd5 53.
g6+ Kg7 54. Bxd5 exd5 55. Kg5 d4 56. Be5+ Kg8 57. Kf4 Bb2 58. Kf3 Kf8 59. Bf6
Kg8 60. Kf2 Bc3 61. g4 Kf8 62. Kf3 Bb2 63. g5 Bc1 64. Ke4 Be3 65. Bxd4 Bxg5 66.
Bc3 Bd8 1-0

[Event "Aeroflot Open A 2017"]
[Site "Moscow RUS"]
[Date "2017.02.28"]
[Round "8.37"]
[White "Petrosyan, Manuel"]
[Black "Maghsoodloo, Parham"]
[Result "1/2-1/2"]
[WhiteTitle "IM"]
[BlackTitle "GM"]
[WhiteElo "2549"]
[BlackElo "2575"]
[WhiteFideId "13300857"]
[BlackFideId "12539929"]
[EventDate "2017.02.21"]

1. Nf3 f5 2. g3 Nf6 3. Bg2 e6 4. O-O d5 5. c4 Be7 6. b3 O-O 7. Bb2 a5 8. Nc3 c6
9. Re1 Nbd7 10. Qc2 Nc5 11. d3 a4 12. b4 a3 13. Bc1 Na6 14. b5 Nc5 15. Be3 Ng4
16. Bxc5 Bxc5 17. d4 Bd6 18. Rab1 Bd7 19. c5 Bc7 20. h3 Nf6 21. b6 Bb8 22. Ne5
Bxe5 23. dxe5 Ne4 24. Nxe4 fxe4 25. f4 exf3 26. exf3 Qe7 27. Qc3 Ra4 28. Rb4 Ra5
29. Rc1 Rfa8 30. f4 Be8 31. Qe3 Bg6 32. Rc3 h6 33. Kh2 Ra4 34. Qd4 R4a5 35. Bf3
Bf5 36. h4 Kh8 37. h5 Rd8 38. Rbb3 Rda8 39. Kg2 Bh7 40. Rb4 1/2-1/2

[Event "Aeroflot Open A 2017"]
[Site "Moscow RUS"]
[Date "2017.02.28"]
[Round "8.38"]
[White "Moskalenko, Alexander"]
[Black "Predke, Alexandr"]
[Result "1-0"]
[WhiteTitle "IM"]
[BlackTitle "GM"]
[WhiteElo "2488"]
[BlackElo "2573"]
[WhiteFideId "4155351"]
[BlackFideId "24107581"]
[EventDate "2017.02.21"]

1. d4 Nf6 2. Nf3 b6 3. e3 Bb7 4. Bd3 g6 5. c4 Bg7 6. Nc3 O-O 7. e4 d6 8. O-O
Nbd7 9. Re1 c5 10. d5 e6 11. Bf4 e5 12. Bg5 h6 13. Bd2 Kh8 14. g3 Ng8 15. Nh4 h5
16. Nb5 Ndf6 17. b4 a6 18. bxc5 axb5 19. c6 Bc8 20. cxb5 Bh6 21. Bc3 Nh7 22. Bf1
g5 23. Nf5 Bxf5 24. exf5 g4 25. a4 Ng5 26. Bg2 Nf6 27. Qd3 Re8 28. Qc4 Qc7 29.
Ra2 Ra7 30. Rd1 Kh7 31. Qb4 Nf3+ 32. Bxf3 gxf3 33. a5 Qc8 34. Qb1 e4 35. Bxf6
Qxf5 36. Rd4 Qxf6 37. Rxe4 Rxe4 38. Qxe4+ Kg7 39. Ra3 Rxa5 40. Rxf3 Qa1+ 41. Kg2
Ra7 42. Qf5 Qb2 43. Qxh5 Qxb5 44. Qg4+ Kh8 45. Qc8+ Kg7 46. c7 Qc4 47. Rxf7+
Kxf7 48. Qe6+ 1-0

[Event "Aeroflot Open A 2017"]
[Site "Moscow RUS"]
[Date "2017.02.28"]
[Round "8.39"]
[White "Adhiban, Baskaran"]
[Black "Tran, Tuan Minh"]
[Result "1-0"]
[WhiteTitle "GM"]
[BlackTitle "IM"]
[WhiteElo "2682"]
[BlackElo "2491"]
[WhiteFideId "5018471"]
[BlackFideId "12401820"]
[EventDate "2017.02.21"]

1. e4 c5 2. Nc3 d6 3. f4 g6 4. Nf3 Bg7 5. Bb5+ Bd7 6. Bc4 Nc6 7. O-O Na5 8. Be2
e6 9. e5 Bc6 10. Nb5 Bxb5 11. Bxb5+ Nc6 12. Bxc6+ bxc6 13. d3 Ne7 14. Be3 O-O
15. Kh1 Nd5 16. Bd2 Qb8 17. c4 Ne7 18. Bc3 Rd8 19. g4 a5 20. a4 Ra7 21. Qe2 h6
22. Qe3 Kh7 23. Rad1 1-0

[Event "Aeroflot Open A 2017"]
[Site "Moscow RUS"]
[Date "2017.02.28"]
[Round "8.40"]
[White "Vakhidov, Jahongir"]
[Black "Lorparizangeneh, Shahin"]
[Result "0-1"]
[WhiteTitle "GM"]
[BlackTitle "IM"]
[WhiteElo "2561"]
[BlackElo "2519"]
[WhiteFideId "14201801"]
[BlackFideId "12521604"]
[EventDate "2017.02.21"]

1. c4 e5 2. g3 c6 3. Nf3 d6 4. Nc3 f5 5. Bg2 Nf6 6. O-O Be7 7. b3 O-O 8. e3 e4
9. Nd4 d5 10. cxd5 cxd5 11. Bb2 Na6 12. Nce2 Nc5 13. Bc3 Bd7 14. b4 Nd3 15. Nf4
Nxf4 16. gxf4 Qe8 17. a4 h6 18. Bh3 g6 19. Kh1 Kh7 20. Rg1 Bd6 21. Rg2 Rc8 22.
Qb3 Rc4 23. Rag1 Ng4 24. b5 Rg8 25. Ba1 Qe7 26. Qd1 a6 27. Bc3 a5 28. Ne2 Bb4
29. Bd4 h5 30. Ba1 Rgc8 31. Rf1 Qh4 32. Rg3 Be6 33. Kg1 Qe7 34. Bg2 Bg8 35. Rh3
Qc7 36. Bb2 Rc2 37. Bc3 Ra2 38. Bxb4 axb4 39. Nd4 Qc4 40. Nxf5 gxf5 41. Rxh5+
Nh6 42. Bh3 Rf8 43. Rg5 Rf6 44. Kh1 Bf7 45. Rfg1 d4 46. Qe1 Bg6 47. f3 exf3 48.
Qg3 Qd5 49. Bf1 Ra1 50. Qf2 dxe3 51. dxe3 b3 52. h4 b2 0-1

[Event "Aeroflot Open A 2017"]
[Site "Moscow RUS"]
[Date "2017.02.28"]
[Round "8.41"]
[White "Donchenko, Alexander"]
[Black "Puranik, Abhimanyu"]
[Result "1/2-1/2"]
[WhiteTitle "GM"]
[BlackTitle "IM"]
[WhiteElo "2553"]
[BlackElo "2481"]
[WhiteFideId "24603295"]
[BlackFideId "5061245"]
[EventDate "2017.02.21"]

1. Nf3 Nf6 2. c4 g6 3. Nc3 d5 4. cxd5 Nxd5 5. h4 Bg7 6. e4 Nxc3 7. dxc3 Qxd1+ 8.
Kxd1 Nd7 9. Nd4 h5 10. Be3 Bh6 11. Bxh6 Rxh6 12. Kc2 e5 13. Nb5 Kd8 14. b4 a6
15. Na3 Nb6 16. Nc4 Nxc4 17. Bxc4 Ke7 18. Rhd1 Bg4 19. f3 Be6 20. Bd5 Rb8 21.
Rd2 g5 22. hxg5 Rg6 23. Bxe6 Kxe6 24. Rh1 Rxg5 25. Rh2 Rbg8 26. a4 f5 27. exf5+
Kxf5 28. Kb3 R8g7 29. a5 e4 30. fxe4+ Kxe4 31. Rh3 Kf5 32. Re2 Kf6 33. Rd3 Re5
34. Rf2+ Ke6 35. Rf8 c5 36. Re8+ Re7 37. Rxe7+ Kxe7 38. Kc4 1/2-1/2

[Event "Aeroflot Open A 2017"]
[Site "Moscow RUS"]
[Date "2017.02.28"]
[Round "8.42"]
[White "Esipenko, Andrey"]
[Black "Schroeder, Jan-Christian"]
[Result "0-1"]
[WhiteTitle "FM"]
[BlackTitle "GM"]
[WhiteElo "2502"]
[BlackElo "2543"]
[WhiteFideId "24175439"]
[BlackFideId "24662259"]
[EventDate "2017.02.21"]

1. d4 Nf6 2. c4 e6 3. Nf3 d5 4. Nc3 c5 5. cxd5 Nxd5 6. e4 Nxc3 7. bxc3 cxd4 8.
cxd4 Bb4+ 9. Bd2 Bxd2+ 10. Qxd2 O-O 11. Bc4 Nd7 12. O-O b6 13. a4 Bb7 14. Rfe1
Nf6 15. Bd3 h6 16. a5 a6 17. Qb4 b5 18. Nd2 Rc8 19. Nb3 Re8 20. f3 e5 21. Rad1
Nd7 22. Bf1 Qg5 23. Kh1 Qf6 24. Rc1 exd4 25. Nxd4 g6 26. Rcd1 Nc5 27. Qd2 Bxe4
28. fxe4 Nxe4 29. Rxe4 Rxe4 30. Nf3 Kg7 31. h3 Rce8 32. Kg1 Ra4 33. Qd7 Re6 34.
Qd2 Kh7 35. Kh1 Ra1 36. Rxa1 Qxa1 37. Kg1 Kg7 38. h4 h5 39. Kf2 Rc6 40. Be2 Qc3
41. Qxc3+ Rxc3 42. Ne5 Ra3 43. Nc6 Kf6 44. g3 Ke6 45. Nd8+ Ke7 46. Nc6+ Kd6 47.
Nd8 f5 48. Nf7+ Ke6 49. Nd8+ Kd5 50. Nf7 b4 51. Ng5 b3 52. Nf3 b2 53. Nd2 Rxa5
54. Nb1 Kd4 0-1

[Event "Aeroflot Open A 2017"]
[Site "Moscow RUS"]
[Date "2017.02.28"]
[Round "8.44"]
[White "Kotronias, Vasilios"]
[Black "Abdusattorov, Nodirbek"]
[Result "0-1"]
[WhiteTitle "GM"]
[BlackTitle "FM"]
[WhiteElo "2524"]
[BlackElo "2429"]
[WhiteFideId "5900212"]
[BlackFideId "14204118"]
[EventDate "2017.02.21"]

1. e4 e5 2. Nf3 Nc6 3. Bb5 a6 4. Ba4 Nf6 5. O-O Be7 6. Re1 b5 7. Bb3 d6 8. c3
O-O 9. h3 Nb8 10. d4 Nbd7 11. Nbd2 Bb7 12. Bc2 Re8 13. Nf1 Bf8 14. Ng3 g6 15. a4
c5 16. d5 c4 17. Bg5 h6 18. Be3 Nc5 19. Qd2 h5 20. Bg5 Be7 21. Qe3 Nh7 22. Bh6
Bf6 23. Rf1 Bg7 24. Bxg7 Kxg7 25. Ne2 Nf8 26. Nh2 Nfd7 27. Kh1 f6 28. f4 Qe7 29.
h4 exf4 30. Nxf4 Ne5 31. Qg3 Kh7 32. Nf3 Rg8 33. axb5 axb5 34. Rxa8 Bxa8 35. Nd4
Bb7 36. Nxb5 Bc8 37. Ra1 Bd7 38. Nd4 Rg7 39. Ra7 Qe8 40. Nf3 Qb8 41. Ra2 Bg4 42.
Nxe5 fxe5 43. Nh3 Bxh3 44. Qxh3 Rb7 45. Qf3 Kg7 46. Ba4 Rf7 47. Qe3 Qa7 48. Qe2
Nxa4 49. Qxc4 Nxb2 0-1

[Event "Aeroflot Open A 2017"]
[Site "Moscow RUS"]
[Date "2017.02.28"]
[Round "8.45"]
[White "Kovalevskaya, Ekaterina"]
[Black "Morovic Fernandez, Ivan"]
[Result "1/2-1/2"]
[WhiteTitle "IM"]
[BlackTitle "GM"]
[WhiteElo "2423"]
[BlackElo "2550"]
[WhiteFideId "4116704"]
[BlackFideId "3405400"]
[EventDate "2017.02.21"]

1. e4 d6 2. d4 Nf6 3. Nc3 g6 4. Nf3 Bg7 5. Be2 O-O 6. O-O a6 7. a4 Nc6 8. d5 Nb4
9. a5 e6 10. Ra4 c5 11. dxc6 Nxc6 12. Be3 Nxa5 13. e5 Ne8 14. exd6 b6 15. Qd2
Nb7 16. Rd1 Qxd6 17. Rxa6 Rxa6 18. Bxa6 Qxd2 19. Nxd2 Bxc3 20. bxc3 Nc7 21. Bxb7 1/2-1/2

[Event "Aeroflot Open A 2017"]
[Site "Moscow RUS"]
[Date "2017.02.28"]
[Round "8.46"]
[White "Pavlovic, Milos"]
[Black "Gusain, Himal"]
[Result "0-1"]
[WhiteTitle "GM"]
[WhiteElo "2512"]
[BlackElo "2438"]
[WhiteFideId "900389"]
[BlackFideId "5033861"]
[EventDate "2017.02.21"]

1. e4 c5 2. Nf3 e6 3. Be2 Nc6 4. O-O Nf6 5. Nc3 Qc7 6. d4 cxd4 7. Nxd4 Be7 8.
Be3 O-O 9. Kh1 d6 10. f4 Nxd4 11. Bxd4 e5 12. Be3 exf4 13. Bxf4 Be6 14. Qd3 a6
15. Qg3 Rfd8 16. Bh6 Ne8 17. Bd3 Qc5 18. Nd5 Bf8 19. Be3 Qc6 20. c4 Bxd5 21.
exd5 Qc7 22. Rae1 g6 23. Bg5 Rdb8 24. Qf3 Ng7 25. Re2 b6 26. g4 Re8 27. Ref2 Ra7
28. h4 h5 29. Bh6 hxg4 30. Qxg4 Qc8 31. Qg2 Rae7 32. Bg5 Rc7 33. b3 Nh5 34. Bd2
Bg7 35. Rxf7 Rxf7 36. Rxf7 Kxf7 37. Bxg6+ Kg8 38. Bxh5 Rf8 39. Bg4 Qe8 40. h5
Kh7 41. Be2 Kh8 42. h6 Be5 43. Qg4 Rg8 0-1

[Event "Aeroflot Open A 2017"]
[Site "Moscow RUS"]
[Date "2017.02.28"]
[Round "8.47"]
[White "Golubov, Saveliy"]
[Black "Karavade, Eesha"]
[Result "1/2-1/2"]
[WhiteTitle "IM"]
[BlackTitle "IM"]
[WhiteElo "2492"]
[BlackElo "2418"]
[WhiteFideId "24176729"]
[BlackFideId "5012600"]
[EventDate "2017.02.21"]

1. e4 e5 2. Nf3 Nc6 3. Nc3 Nf6 4. g3 Bc5 5. Bg2 d6 6. d3 a6 7. O-O Nd4 8. Nxd4
Bxd4 9. Ne2 Ba7 10. h3 Be6 11. d4 Bc4 12. d5 h6 13. b3 Bxe2 14. Qxe2 Qe7 15. Qd3
Nd7 16. b4 g5 17. Bf3 Nf6 18. Kg2 Rg8 19. Be2 h5 20. Be3 Bxe3 21. fxe3 h4 22. g4
Nd7 23. a4 a5 24. Qc3 Qd8 25. Bb5 b6 26. Qe1 axb4 27. Qf2 Rg7 28. Qf5 Qe7 29.
Rab1 Rd8 30. Rxb4 Kf8 31. Rc4 Nc5 32. Bc6 Kg8 33. Ra1 Rg6 34. Rb4 Kg7 35. a5
bxa5 36. Rxa5 Kh6 37. Qf1 Rf6 38. Qb1 Qf8 39. Ra3 Qg8 40. Rc3 Qg6 41. Rcc4 Qg8
42. Qa1 Rb8 43. Qa7 Rxb4 44. Rxb4 Qh7 45. Qxc7 Nxe4 46. Qe7 Qg6 47. Rb8 Kh7 48.
Qd8 Rf2+ 49. Kg1 Qf6 50. Qg8+ Kh6 51. Qf8+ Kh7 52. Qg8+ 1/2-1/2

[Event "Aeroflot Open A 2017"]
[Site "Moscow RUS"]
[Date "2017.02.28"]
[Round "8.48"]
[White "Xu, Yi"]
[Black "Sarana, Alexey"]
[Result "1/2-1/2"]
[WhiteTitle "IM"]
[BlackTitle "IM"]
[WhiteElo "2444"]
[BlackElo "2468"]
[WhiteFideId "8605564"]
[BlackFideId "24133795"]
[EventDate "2017.02.21"]

1. e4 c5 2. Nf3 d6 3. Bb5+ Nd7 4. O-O a6 5. Bd3 Ngf6 6. Re1 e6 7. a4 b6 8. c3
Bb7 9. Bc2 c4 10. Na3 Qc7 11. d4 cxd3 12. Qxd3 Nc5 13. Qd4 e5 14. Qc4 Rc8 15.
Nd2 Be7 16. b4 Ne6 17. Qxc7 Rxc7 18. c4 Nd4 19. Bd1 Nc6 20. Rb1 1/2-1/2

[Event "Aeroflot Open A 2017"]
[Site "Moscow RUS"]
[Date "2017.02.28"]
[Round "8.49"]
[White "Olafsson, Helgi"]
[Black "Praggnanandhaa, R"]
[Result "1/2-1/2"]
[WhiteTitle "GM"]
[BlackTitle "IM"]
[WhiteElo "2540"]
[BlackElo "2455"]
[WhiteFideId "2300010"]
[BlackFideId "25059530"]
[EventDate "2017.02.21"]

1. Nf3 Nf6 2. c4 e6 3. Nc3 d5 4. d4 dxc4 5. e3 a6 6. a4 b6 7. Bxc4 Bb7 8. Qe2
Bb4 9. O-O O-O 10. Bd3 c5 11. dxc5 Nbd7 12. cxb6 Bxf3 13. gxf3 Qxb6 14. Ne4 Nxe4
15. Bxe4 Rad8 16. f4 e5 17. fxe5 Nxe5 18. Bg2 f5 19. b3 Kh8 20. Ra2 Qd6 21. h3
Nd3 22. Rc2 a5 23. Rc6 Qe5 24. Rd1 Nf4 25. Qc2 Rxd1+ 26. Qxd1 Nxg2 27. Kxg2 Qe4+
28. Qf3 Qe5 29. Rc2 Qe6 30. Rc4 Qe5 31. Rc2 Qe6 32. Rc4 Qe5 33. Rd4 Qe6 34. Rd5
Qf6 35. Bd2 Qg6+ 36. Kh1 Bxd2 37. Rxd2 Qe6 38. Rd5 h6 39. Rxa5 Qxb3 40. Ra8 Rxa8
41. Qxa8+ Kh7 42. a5 Qd3 43. Qf3 Qb5 44. a6 Qxa6 45. Qxf5+ Kh8 46. Kg2 Qb7+ 47.
e4 Qc6 48. Kg3 Qc3+ 49. Kh4 Qc2 50. Kg3 Qc3+ 51. Kg2 Qc6 52. Kh2 Qc2 53. Qf4 Qc4
54. Kg2 Qc6 55. Qf8+ Kh7 56. Qf5+ Kh8 1/2-1/2

[Event "Aeroflot Open A 2017"]
[Site "Moscow RUS"]
[Date "2017.03.01"]
[Round "9.1"]
[White "Vitiugov, Nikita"]
[Black "Fedoseev, Vladimir3"]
[Result "1/2-1/2"]
[WhiteTitle "GM"]
[BlackTitle "GM"]
[WhiteElo "2724"]
[BlackElo "2658"]
[WhiteFideId "4152956"]
[BlackFideId "24130737"]
[EventDate "2017.02.21"]

1. d4 d5 2. c4 c6 3. Nf3 Nf6 4. Nc3 e6 5. g3 Nbd7 6. Bg2 Be7 7. Qd3 b6 8. O-O
Ba6 9. b3 O-O 10. Rd1 Rc8 11. e4 dxe4 12. Nxe4 b5 13. Ned2 bxc4 14. Nxc4 c5 15.
Bb2 cxd4 16. Nxd4 Ne5 17. Qe3 Nxc4 18. bxc4 Qb6 19. Rab1 Rxc4 20. Ba3 1/2-1/2

[Event "Aeroflot Open A 2017"]
[Site "Moscow RUS"]
[Date "2017.03.01"]
[Round "9.2"]
[White "Yu, Yangyi"]
[Black "Najer, Evgeniy"]
[Result "1/2-1/2"]
[WhiteTitle "GM"]
[BlackTitle "GM"]
[WhiteElo "2738"]
[BlackElo "2659"]
[WhiteFideId "8603820"]
[BlackFideId "4118987"]
[EventDate "2017.02.21"]

1. e4 e5 2. Nf3 Nc6 3. Bb5 a6 4. Ba4 Nf6 5. O-O Nxe4 6. d4 b5 7. Bb3 d5 8. dxe5
Be6 9. Be3 Be7 10. c3 O-O 11. Nbd2 Nxd2 12. Qxd2 Na5 13. Bg5 Nc4 14. Bxc4 bxc4
15. b4 cxb3 16. axb3 a5 17. Ra4 Bxg5 18. Nxg5 h6 19. Nxe6 fxe6 20. Rfa1 Rb8 21.
R1a3 c5 22. h3 Qc7 23. f4 Rb5 24. Kh2 Qb6 25. Qd1 Qc6 26. Ra2 Kh8 27. Qg4 Rxb3
28. Rxa5 d4 29. Ra7 Rb7 30. cxd4 cxd4 31. Qg6 Rxa7 32. Rxa7 Rg8 33. Re7 Qc1 34.
Rf7 Qc6 35. Ra7 Qc1 36. Rf7 Qc6 37. Re7 Qc1 38. Rxe6 Qxf4+ 39. Qg3 Qf5 40. Rd6
Re8 1/2-1/2

[Event "Aeroflot Open A 2017"]
[Site "Moscow RUS"]
[Date "2017.03.01"]
[Round "9.3"]
[White "Khismatullin, Denis"]
[Black "Kovalev, Vladislav"]
[Result "0-1"]
[WhiteTitle "GM"]
[BlackTitle "GM"]
[WhiteElo "2639"]
[BlackElo "2598"]
[WhiteFideId "4142578"]
[BlackFideId "13504398"]
[EventDate "2017.02.21"]

1. c4 Nf6 2. g3 g6 3. Bg2 Bg7 4. Nc3 O-O 5. d4 d6 6. e3 Nc6 7. Nge2 Bd7 8. b3 a6
9. Bb2 Rb8 10. Rc1 b5 11. Nd5 bxc4 12. Nxf6+ Bxf6 13. Rxc4 Na5 14. Rc2 c5 15.
dxc5 Bxb2 16. Rxb2 Nc4 17. Rc2 Qa5+ 18. Rc3 Bg4 19. bxc4 Bxe2 20. Qd2 Bg4 21.
O-O dxc5 22. Qc1 Rb4 23. a3 Rb6 24. h3 Be2 25. Re1 Rfb8 26. Be4 Bf3 27. Bd3 Rb3
28. Rxb3 Rxb3 29. Bf1 Be4 30. Qa1 Rxa3 31. Qb2 Qxe1 32. Qb8+ Kg7 33. Qe5+ Kh6
34. Qxe7 Ra1 35. Qf8+ Kg5 36. Qxc5+ Bf5 37. Qe7+ f6 38. f4+ Kh6 39. Qf8+ Kh5 40.
g4+ Kh4 0-1